Trouble's brewing (Record no. 77381)

MARC details
000 -LEADER
fixed length control field 00985cab a2200205 4500
001 - CONTROL NUMBER
control field ##L134123
008 - FIXED-LENGTH DATA ELEMENTS--GENERAL INFORMATION
fixed length control field 060712n2006 000 0 eng u
035 ## - SYSTEM CONTROL NUMBER
System control number (Sirsi) u134123
041 0# - LANGUAGE CODE
Language code of text/sound track or separate title eng
100 1# - MAIN ENTRY--PERSONAL NAME
Personal name Miller, Keith
245 00 - TITLE STATEMENT
Title Trouble's brewing
260 ## - PUBLICATION, DISTRIBUTION, ETC.
Date of publication, distribution, etc. 2006
490 #0 - SERIES STATEMENT
Series statement Estates Gazette
Volume/sequential designation (0627) 8 July 2006, 224-226(2)
520 ## - SUMMARY, ETC.
Summary, etc. Looks at the problems caused to developers and buyers by the licensing changes that came into force in 2005. Examines the flaws in the new licensing procedures that are causing applicants for licenses to be left in a state of uncertainty until the result of the application is received in the post, and a large proportion of premises licenses to be deficient through applicant error or council mistakes.
590 ## - LOCAL NOTE (RLIN)
Local note IKA180706
650 24 - SUBJECT ADDED ENTRY--TOPICAL TERM
Topical term or geographic name entry element LICENSING ACT 2003
651 #4 - SUBJECT ADDED ENTRY--GEOGRAPHIC NAME
Geographic name England and Wales
Chronological subdivision 1543-
690 ## - LOCAL SUBJECT ADDED ENTRY--TOPICAL TERM (OCLC, RLIN)
Topical term or geographic name as entry element PROPERTY-COMMERCIAL PROPERTY-LEISURE PROPERTY-REFRESHMENT AND CULINARY PROPERTY-LICENSED PROPERTY
942 ## - ADDED ENTRY ELEMENTS (KOHA)
Suppress in OPAC 0
Holdings
Withdrawn status Lost status Source of classification or shelving scheme Damaged status Not for loan Home library Current library Shelving location Date acquired Total Checkouts Full call number Barcode Date last seen Copy number Price effective from Koha item type
    Dewey Decimal Classification     London London Journal article 12/07/2006   L134123 134123-1001 06/08/2019 1 06/08/2019 Journal article